The microbiology of anaerobic digesters
Αποθηκεύτηκε σε:
| Κύριος συγγραφέας: | |
|---|---|
| Μορφή: | Βιβλίο |
| Γλώσσα: | English |
| Δημοσίευση: |
Hoboken, N.J. :
Wiley-Interscience,
2003
|
| Σειρά: | Wastewater microbiology series
|
| Θέματα: | |
| Ετικέτες: |
Προσθήκη ετικέτας
Δεν υπάρχουν, Καταχωρήστε ετικέτα πρώτοι!
|
MARC
| LEADER | 00000nam a2200000 i 4500 | ||
|---|---|---|---|
| 001 | 1/76150 | ||
| 008 | 080227s2003 eng d | ||
| 020 | |a 0-471-20693-8 | ||
| 035 | |l 10095103 | ||
| 040 | |a GR-MY-UA |b gre |e aacr | ||
| 041 | 0 | |a eng | |
| 082 | 0 | |a 628.35 |2 (22) | |
| 100 | 1 | |a Gerardi, Michael H. | |
| 245 | 1 | 4 | |a The microbiology of anaerobic digesters / |c Michael H. Gerardi |
| 260 | |a Hoboken, N.J. : |b Wiley-Interscience, |c 2003 | ||
| 300 | |a ix, 177 σ.; |b εικ.; |c 26 εκ. | ||
| 490 | 1 | |a Wastewater microbiology series | |
| 504 | |a Βιβλιογραφία: σ. 161-164 | ||
| 650 | 0 | 0 | |a Sewage sludge digestion. |
| 650 | 0 | 0 | |a Anaerobic bacteria. |
| 830 | 0 | |a Wastewater microbiology series | |
| 852 | |a INST |b LESVOS |e 20080227 |h 628.35 GER |p 005100040088 |q 005100040088 |t BK |y 0 | ||
| 901 | |a BIBL1-2008-1 | ||
| 909 | |a Λ |b 143051 | ||
| 922 | |a 1ΕΛΗ |b 200712 |c ΕΠΕΑΕΚ2/ΤΕΘ |d ΠΑΠΑΣΩΤΗΡΙΟΥ | ||
| 970 | |a ΚΑΡΑ |b ΓΙΑΣΕΜΗ |z 2008/02/27 | ||